Đánh giá chất lượng nước mặt ở khu vực chợ Cái Khế, Quận Ninh Kiều, thành phố Cần Thơ : Luận văn tốt nghiệp đại học: Chuyên ngành môi trường và quản lý tài nguyên thiên nhiên

Nội dung đề tài nghiên cứu một số yếu tố lý, hóa, vi sinh vật của môi trường nước, điều tra hiện trạng quản lý rác sinh hotạ ở chợ, đề xuất những biện pháp khả thi bảo vệ môi trường....

Full beskrivning

Sparad:
Bibliografiska uppgifter
Huvudupphovsman: Nguyễn, Vũ Hàn Thương
Materialtyp: Bok
Språk:Undetermined
Publicerad: Cần Thơ Trường Đại học Cần Thơ 2006
Ämnen:
Taggar: Lägg till en tagg
Inga taggar, Lägg till första taggen!
Thư viện lưu trữ: Trung tâm Học liệu Trường Đại học Cần Thơ
LEADER 01255nam a2200205Ia 4500
001 CTU_143154
008 210402s9999 xx 000 0 und d
082 |a 333.9115 
082 |b Th561 
100 |a Nguyễn, Vũ Hàn Thương 
245 0 |a Đánh giá chất lượng nước mặt ở khu vực chợ Cái Khế, Quận Ninh Kiều, thành phố Cần Thơ : 
245 0 |b Luận văn tốt nghiệp đại học: Chuyên ngành môi trường và quản lý tài nguyên thiên nhiên 
245 0 |c Nguyễn Vũ Hàn Thương ; Bùi Thị Nga, Phạm Việt Nữ (Giáo viên hướng dẫn) 
260 |a Cần Thơ 
260 |b Trường Đại học Cần Thơ 
260 |c 2006 
520 |a Nội dung đề tài nghiên cứu một số yếu tố lý, hóa, vi sinh vật của môi trường nước, điều tra hiện trạng quản lý rác sinh hotạ ở chợ, đề xuất những biện pháp khả thi bảo vệ môi trường. 
650 |a Water resources development,Phát triên nguồn nước 
904 |i Tuyến 
980 |a Trung tâm Học liệu Trường Đại học Cần Thơ